| 000 | 00576nam a2200181 i 4500 | ||
|---|---|---|---|
| 001 | 43038 | ||
| 003 | ES-MaACL | ||
| 005 | 20250522203621.0 | ||
| 007 | t| | ||
| 008 | 030314s1965 sp ||||1| cat d | ||
| 100 | 1 |
_aCastro, Josué de. _936869 |
|
| 245 | 1 | 4 |
_aUna zona explosiva, el nord-est del Brasil / _cJosué de Castro ; versió catalana de Ramón Folch i Camarasa. |
| 260 |
_aBarcelona : _bNova Terra, _c1965. |
||
| 300 |
_a301 p. ; _c17 cm,. |
||
| 700 | 1 |
_aFolch i Camarasa, Ramon, _d1926- _951450 |
|
| 852 |
_aES-MaACL _jG-15776 _bR.58245 |
||
| 999 |
_c43038 _d43038 |
||